00834nam a2200229 a 450000100060000000300080000600500170001400800410003103500190007204000370009104100080012808200220013610000340015824501310019226000390032330000570036265000230041965100520044265100440049465100350053870000310057379711BD-RjUL20220418105754.0220418s1874 enkaf 000 0aeng d a(BD-RjUL)79711 aABCcABCdm.cdUEJdBD-RjULbeng aeng 223a823bDIA 18741 aDickens, Charles,d1812-1870.10aAmerican notes for general circulation :band, Pictures from Italy /cby Charles Dickens ; with illustrations by Marcus Stone. aLondon :bChapman & Hall,c[1874?] aviii, 506 p., [8] leaves of plates :bill. ;c23 cm. aNovelists, English 0aUnited StatesxDescription and travel.vFiction 0aUnited StatesxSocial life and customs. 0aItalyxDescription and travel.1 aStone, Marcus,d1840-1921.